Mock-epic poetry from Pope to Heine / (رقم التسجيلة. 20030)
[ عرض عادي ]
| 000 -الفاتح | |
|---|---|
| حقل البيانات ثابتة الطول | 01364cam a2200349 a 4500 |
| 001 - رقم الضبط | |
| رقم الضبط | 15930637 |
| 003 - محدد رقم الضبط | |
| رقم الضبط | OSt |
| 005 - وقت وتاريخ اخر تعامل مع التسجيلة | |
| رقم الضبط | 20150408114000.0 |
| 008 - عناصر البيانات ثابتة الطول - معلومات عامة | |
| حقل البيانات ثابتة الطول | 111215s2009 enk b 001 0 eng |
| 010 ## - رقم ضبط مكتبة الكونجرس | |
| رقم ضبط مكتبة الكونجرس | |
| 020 ## - الرقم الدولى المعيارى للكتب | |
| الرقم الدولى المعيارى للكتاب | 9780199571581 (hbk.) |
| 020 ## - الرقم الدولى المعيارى للكتب | |
| الرقم الدولى المعيارى للكتاب | 0199571589 (hbk.) |
| 035 ## - رقم ضبط النظام | |
| رقم ضبط النظام | (OCoLC)ocn430497052 |
| 040 ## - مصدر الفهرسة | |
| وكالة الفهرسة الأصلية | UKM |
| وكالة النسخ | MU |
| 042 ## - رمز التحقق | |
| رمز التحقق | ukscp |
| -- | lccopycat |
| 082 04 - رقم تصنيف ديوى العشرى | |
| رقم التصنيف | 809.170905 R R M |
| رقم الطبعة | 22 |
| 100 1# - المدخل الرئيسى - إسم شخصى | |
| الإسم الشخصى | Robertson, Ritchie. |
| 9 (RLIN) | 8525 |
| 245 10 - بيان العنوان | |
| العنوان | Mock-epic poetry from Pope to Heine / |
| بيان المسئوليه,etc | Ritchie Robertson. |
| 260 ## - PUBLICATION, DISTRIBUTION, ETC. (IMPRINT) | |
| مكان الناشر او الموزع | Oxford : |
| اسم الناشر او الموزع | Oxford University Press, |
| تاريخ النشر أو التوزيع | 2009. |
| 300 ## - الوصف المادى | |
| التعداد | 456 p. ; |
| أبعاد الوعاء | 25 cm. |
| 504 ## - تبصرة ببليوجرافية | |
| تبصرة ببليوجرافية,الخ | Includes bibliographical references (p. [426]-441) and index. |
| 650 #0 - المدخل الاضافى بالموضوع-مصطلح موضوعى | |
| مصطلح موضوعي أو اسم جغرافي كعنصر مدخل | Mock-heroic literature |
| التقسيم الفرعي العام | History and criticism. |
| 9 (RLIN) | 8526 |
| 650 #0 - المدخل الاضافى بالموضوع-مصطلح موضوعى | |
| مصطلح موضوعي أو اسم جغرافي كعنصر مدخل | English poetry |
| التقسيم الفرعي الزمني | 18th century |
| التقسيم الفرعي العام | History and criticism. |
| 9 (RLIN) | 7887 |
| 650 #0 - المدخل الاضافى بالموضوع-مصطلح موضوعى | |
| مصطلح موضوعي أو اسم جغرافي كعنصر مدخل | French poetry |
| التقسيم الفرعي الزمني | 18th century |
| التقسيم الفرعي العام | History and criticism. |
| 9 (RLIN) | 8527 |
| 650 #0 - المدخل الاضافى بالموضوع-مصطلح موضوعى | |
| مصطلح موضوعي أو اسم جغرافي كعنصر مدخل | German poetry |
| التقسيم الفرعي الزمني | 18th century |
| التقسيم الفرعي العام | History and criticism. |
| 9 (RLIN) | 8528 |
| 650 #0 - المدخل الاضافى بالموضوع-مصطلح موضوعى | |
| مصطلح موضوعي أو اسم جغرافي كعنصر مدخل | English poetry |
| التقسيم الفرعي الزمني | 19th century |
| التقسيم الفرعي العام | History and criticism. |
| 9 (RLIN) | 8345 |
| 650 #0 - المدخل الاضافى بالموضوع-مصطلح موضوعى | |
| مصطلح موضوعي أو اسم جغرافي كعنصر مدخل | French poetry |
| التقسيم الفرعي الزمني | 19th century |
| التقسيم الفرعي العام | History and criticism. |
| 9 (RLIN) | 8529 |
| 650 #0 - المدخل الاضافى بالموضوع-مصطلح موضوعى | |
| مصطلح موضوعي أو اسم جغرافي كعنصر مدخل | German poetry |
| التقسيم الفرعي الزمني | 19th century |
| التقسيم الفرعي العام | History and criticism. |
| 9 (RLIN) | 8530 |
| 906 ## - عنصر بيانات محلى F, LDF (RLIN) | |
| a | 7 |
| b | cbc |
| c | copycat |
| d | 2 |
| e | epcn |
| f | 20 |
| g | y-gencatlg |
| 942 ## - عناصر المدخل الإضافي( كوها) | |
| مصدر التصنيف او مخطط الترفيف | Dewey Decimal Classification |
| Koha [default] item type | DVD |
| حالة الفقد | نموذج السعر الفعال | حالة تلف | ليس للاعارة | رقم الطلب | رقم النسخة | تاريخ الاكتساب | الموقع الحالي | الباركود | الفرع الرئيسي | Date last seen | نوع المادة فى نظام كوها | مصدر التصنيف او خطة الترفيف | Total Checkouts |
|---|---|---|---|---|---|---|---|---|---|---|---|---|---|
| 2013-03-10 | 809.170905 R R M | n 1 | 2011-12-15 | قسم الاجراءات الفنية (IC) | 00100462 | قسم الاجراءات الفنية (IC) | 2013-03-10 | كتاب | Dewey Decimal Classification | ||||
| 2013-03-10 | 809.170905 R R M | n 2 | 2011-12-15 | قسم الاجراءات الفنية (IC) | 00100463 | قسم الاجراءات الفنية (IC) | 2013-03-10 | كتاب | Dewey Decimal Classification |
